| 000 | 00861nam a22002177a 4500 | ||
|---|---|---|---|
| 999 |
_c18728 _d18728 |
||
| 003 | AR-CdUCM | ||
| 008 | 190411b ||||| |||| 00| 0 spa d | ||
| 040 |
_aMUNICIPALIDAD PROVINCIAL DEL CUSCO _cBIBLIOTECA MUNICIPAL DEL CUSCO |
||
| 041 | _hger | ||
| 082 |
_a620.137 / _bG885 |
||
| 100 |
_aGru, D. _939489 |
||
| 245 |
_aHormigón armado : _bTeoria y practica de calculo / |
||
| 260 |
_aBuenos Aires : _bConstrucciones sudamericanas, _c1952. |
||
| 300 |
_a317 páginas ; _bGráficos, _c25 cm. |
||
| 505 | _aContenido : Calculo de una columna simple sometida a compresión axial -- Verificación por la formula Euler -- Calculo de los términos de carga de una viga... | ||
| 650 |
_aIngeniería de estructuras _931218 |
||
| 650 |
_aDiseño de estructuras _931219 |
||
| 650 |
_aConstrucciones de hormigón armado _931220 |
||
| 942 |
_2ddc _cLIBROS |
||
| 945 | _arcc | ||